[Event "54smm A Kaltern/Tramin-Ehrenburg"]
[Site "?"]
[Date "2023.01.21"]
[Round "6.3"]
[White "Babinetz, Rainer"]
[Black "Dibiasi, Rainer"]
[Result "0-1"]
[WhiteElo "1933"]
[BlackElo "1805"]
[PlyCount "74"]
[EventDate "2023.01.21"]

1. d4 Nf6 2. c4 e6 3. Nc3 d5 4. Bg5 Be7 5. e3 O-O 6. Nf3 b6 7. cxd5 exd5 8. Rc1
Bb7 9. Bd3 c5 10. O-O Nbd7 11. Qc2 h6 12. Bh4 Ne8 13. Bh7+ Kh8 14. Bg3 Ndf6 15.
Bd3 Nd6 16. Nd2 a6 17. a4 Rc8 18. f3 Re8 19. Be5 Qd7 20. g4 cxd4 21. exd4 Ng8
22. Qb3 Bg5 23. f4 Qxg4+ 24. Kh1 Nc4 25. Be2 Qh3 26. Nf3 Bd8 27. Nxd5 Bxd5 28.
Bxc4 Bxc4 29. Bxg7+ Kxg7 30. Rg1+ Kf8 31. Qa3+ Be7 32. b4 Bd5 33. Rcf1 a5 34.
Qd3 Rc2 35. Qxc2 Bxf3+ 36. Rxf3 Qxf3+ 37. Rg2 Bxb4 0-1

[Event "54smm A Kaltern/Tramin-Ehrenburg"]
[Site "?"]
[Date "2023.01.21"]
[Round "6.4"]
[White "Maier, Fridolin"]
[Black "Steger, Gerhard"]
[Result "1-0"]
[WhiteElo "1758"]
[BlackElo "1926"]
[PlyCount "133"]
[EventDate "2023.01.21"]

1. e4 d5 2. exd5 Qxd5 3. Nc3 Qa5 4. d4 Nf6 5. Bc4 Bg4 6. Qd3 c6 7. Nf3 e6 8.
O-O Qf5 9. Ne5 Qxd3 10. Bxd3 Nbd7 11. Nxg4 Nxg4 12. Bf4 O-O-O 13. Rad1 Nb6 14.
Be2 Nf6 15. Bf3 Bd6 16. Bg5 h6 17. Bh4 g5 18. Bg3 h5 19. Ne4 Nxe4 20. Bxe4 Bxg3
21. hxg3 f5 22. Bf3 g4 23. Be2 h4 24. gxh4 Rxh4 25. g3 Rh7 26. Kg2 Na4 27. Bc4
Rd6 28. Bb3 Nb6 29. Rh1 Rxh1 30. Rxh1 Nd5 31. Rh7 f4 32. c3 f3+ 33. Kg1 Rd7 34.
Rh6 Re7 35. Rg6 e5 36. Rxg4 exd4 37. Rxd4 Re1+ 38. Kh2 Re2 39. Kg1 Re1+ 40. Kh2
Re2 41. g4 Rxf2+ 42. Kg3 Rxb2 43. Kxf3 Nxc3 44. Be6+ Kc7 45. g5 Nd5 46. Bxd5
cxd5 47. g6 Rb6 48. g7 Rf6+ 49. Rf4 Rg6 50. Rg4 Rxg7 51. Rxg7+ Kc6 52. Ke3 a6
53. Kd4 b6 54. Rg5 Kb5 55. Rxd5+ Ka4 56. Kc3 b5 57. Kb2 Kb4 58. Rd6 a5 59. Rd4+
Kc5 60. Rh4 Kd5 61. Kb3 Kc5 62. Rh5+ Kc6 63. a4 bxa4+ 64. Kxa4 Kb6 65. Rxa5 Kc6
66. Kb4 Kb6 67. Rc5 1-0

[Event "54smm A Kaltern/Tramin-Ehrenburg"]
[Site "?"]
[Date "2023.01.21"]
[Round "6.5"]
[White "Gruber, Alexander"]
[Black "Martinelli, Michele"]
[Result "1-0"]
[WhiteElo "1837"]
[BlackElo "1704"]
[PlyCount "91"]
[EventDate "2023.01.21"]

1. e4 d6 2. d4 g6 3. c4 Nf6 4. Nc3 Bg7 5. Nf3 O-O 6. g3 e5 7. dxe5 dxe5 8. Qxd8
Rxd8 9. Bg5 Re8 10. Bg2 c6 11. Rd1 Nbd7 12. O-O Nc5 13. Nxe5 Ncxe4 14. Nxe4
Nxe4 15. Bxe4 Bxe5 16. b3 Bh3 17. Bg2 Bxg2 18. Kxg2 f6 19. Be3 Kf7 20. Rd7+ Re7
21. Rfd1 b6 22. f4 Bc7 23. Kf3 Ke6 24. Rxe7+ Kxe7 25. g4 Rd8 26. Rxd8 Bxd8 27.
Ke4 Bc7 28. h3 Ke6 29. f5+ Kf7 30. b4 Bg3 31. b5 Ke7 32. bxc6 Kd6 33. fxg6 hxg6
34. Bf4+ Bxf4 35. Kxf4 Kxc6 36. h4 Kd6 37. h5 gxh5 38. gxh5 Ke6 39. h6 Kf7 40.
Kf5 Kg8 41. Kxf6 a6 42. a4 Kh7 43. Kg5 Kh8 44. Kf6 Kh7 45. Ke6 Kxh6 46. Kd6 1-0

[Event "54smm A Kaltern/Tramin-Ehrenburg"]
[Site "?"]
[Date "2023.01.21"]
[Round "6.6"]
[White "Florian, Andreas"]
[Black "Mairhofer, Lino"]
[Result "1/2-1/2"]
[WhiteElo "1633"]
[BlackElo "1740"]
[PlyCount "80"]
[EventDate "2023.01.21"]

1. d4 Nf6 2. Bf4 d6 3. Nf3 g6 4. e3 Nbd7 5. c4 Bg7 6. Nc3 c5 7. Be2 O-O 8. O-O
Re8 9. Re1 a6 10. a3 b6 11. h3 Bb7 12. Qc2 Rc8 13. d5 Nf8 14. Rad1 Qc7 15. e4
N6d7 16. Qd2 f6 17. Bh6 Bh8 18. h4 Ne5 19. Nxe5 dxe5 20. Bg4 Rcd8 21. h5 Bg7
22. hxg6 hxg6 23. Bxg7 Kxg7 24. Re3 Nd7 25. Rh3 Rh8 26. Qe3 Rxh3 27. Qxh3 Rh8
28. Qg3 Nf8 29. Ne2 g5 30. Qf3 Ng6 31. Ng3 Nh4 32. Nf5+ Nxf5 33. Bxf5 Bc8 34.
Bxc8 Rxc8 35. Rd3 Qd7 36. Qd1 Qd6 37. Rh3 Rh8 38. Rxh8 Kxh8 39. Qa4 a5 40. Qc6
Kg7 1/2-1/2

[Event "54smm A Naturns-Groeden"]
[Site "?"]
[Date "2023.01.21"]
[Round "6.1"]
[White "Casadio, Niccolo"]
[Black "Unterthurner, Hans"]
[Result "1-0"]
[WhiteElo "2083"]
[BlackElo "1915"]
[PlyCount "145"]
[EventDate "2023.01.21"]

1. d4 Nf6 2. Bf4 g6 3. Nc3 d5 4. e3 Bg7 5. h4 h5 6. Nf3 c6 7. Bd3 Bg4 8. Qd2
Na6 9. a3 Rc8 10. Ne5 Be6 11. f3 Nd7 12. Nxd7 Qxd7 13. Bxa6 bxa6 14. Na4 Qb7
15. Qb4 Qb5 16. Nc5 Bf5 17. O-O-O O-O 18. Rdg1 Rfe8 19. g4 hxg4 20. fxg4 Be4
21. Nxe4 dxe4 22. c4 c5 23. Qxb5 axb5 24. d5 bxc4 25. Rg2 c3 26. bxc3 Bxc3 27.
Rc2 Bg7 28. Rc4 e5 29. Bg3 Red8 30. Rd1 f5 31. Kc2 Rd6 32. h5 fxg4 33. hxg6
Rxg6 34. Rxe4 Rf8 35. d6 Rd8 36. d7 Kf7 37. Ra4 a6 38. Bh4 Bf6 39. Bxf6 Rxf6
40. Rxg4 Ke7 41. Rd5 Ke6 42. Rxc5 Rxd7 43. Ra4 Kf5 44. Rf4+ Kg6 45. Re4 Rf2+
46. Kc3 Ra2 47. Ra4 Rdd2 48. Rxe5 Rac2+ 49. Kb4 Rc6 50. Ka5 Kf6 51. Rae4 Rd3
52. a4 Rdd6 53. Rh5 Kg6 54. Reh4 Re6 55. Rh6+ Kf5 56. Rxe6 Rxe6 57. Rb4 Rxe3
58. Kxa6 Ke5 59. Kb6 Kd5 60. a5 Re6+ 61. Kb5 Re8 62. a6 Rb8+ 63. Ka5 Rxb4 64.
a7 Rb2 65. a8=Q+ Kc4 66. Qe4+ Kc3 67. Qe5+ Kc2 68. Ka4 Kb1 69. Ka3 Rd2 70. Kb3
Rd3+ 71. Kc4 Rd2 72. Kc3 Rc2+ 73. Kb3 1-0

[Event "54smm A Naturns-Groeden"]
[Site "?"]
[Date "2023.01.22"]
[Round "6.2"]
[White "Gurschler, Thomas"]
[Black "Demetz, Rainer"]
[Result "0-1"]
[WhiteElo "1840"]
[BlackElo "2174"]
[PlyCount "102"]
[EventDate "2023.01.21"]

1. d4 d5 2. Bf4 c5 3. e3 Nc6 4. Nf3 e6 5. c3 Bd6 6. Bxd6 Qxd6 7. Bd3 Nf6 8.
Nbd2 O-O 9. O-O e5 10. dxe5 Nxe5 11. Nxe5 Qxe5 12. Nf3 Qe7 13. h3 Bd7 14. Qc2
Bc6 15. Rfe1 Rfe8 16. Rad1 Rad8 17. Qe2 a6 18. Nd2 b5 19. a3 Qb7 20. Qf1 a5 21.
b4 c4 22. Bc2 Ra8 23. Ra1 Ra6 24. Nf3 Rea8 25. Nd4 Bd7 26. f3 Qa7 27. Rac1 axb4
28. axb4 Ra3 29. Bf5 Be8 30. h4 g6 31. Bh3 Qe7 32. Qf2 Ra2 33. Re2 Ra1 34. Rxa1
Rxa1+ 35. Re1 Qa7 36. Qf1 Ra3 37. Rc1 Ra2 38. Qe1 Qa8 39. Rb1 h6 40. Rc1 Kg7
41. Rb1 Qb8 42. Rc1 Qe5 43. Rc2 Ra3 44. Qc1 Ra7 45. Qe1 Nh5 46. Rc1 Re7 47. Kf2
Qh2 48. Kf1 Qe5 49. Kf2 f5 50. f4 Nxf4 51. exf4 Qxf4+ 0-1

[Event "54smm A Naturns-Groeden"]
[Site "?"]
[Date "2023.01.21"]
[Round "6.3"]
[White "Bernardi, Ruben"]
[Black "Gurschler, Gregor"]
[Result "1/2-1/2"]
[WhiteElo "2032"]
[BlackElo "1802"]
[PlyCount "88"]
[EventDate "2023.01.21"]

1. e4 d6 2. Nc3 g6 3. f4 Nf6 4. Nf3 c5 5. Be2 Bg7 6. O-O O-O 7. d3 Nc6 8. Qe1
Bg4 9. h3 Bxf3 10. Bxf3 Nd4 11. Bd1 b5 12. Ne2 Nxe2+ 13. Bxe2 a5 14. Qh4 c4 15.
f5 cxd3 16. cxd3 Qb6+ 17. Kh1 Qd4 18. Rb1 d5 19. b3 dxe4 20. Bb2 Qe3 21. Bxf6
Bxf6 22. Qxe4 Qxe4 23. dxe4 b4 24. Bc4 a4 25. Bd5 Ra7 26. Rbd1 a3 27. Bc4 g5
28. Rd5 Bc3 29. g4 Kg7 30. Kg2 f6 31. Kf3 Be5 32. Ke3 Rh8 33. Rfd1 Bd6 34. Rh1
h6 35. h4 Rc7 36. h5 Rhc8 37. Kd3 Rc5 38. Re1 Rxd5+ 39. exd5 Kf8 40. Re2 Rc7
41. Rc2 Be5 42. Re2 Bd6 43. Re6 Kf7 44. Kd4 Rc8 1/2-1/2

[Event "54smm A Naturns-Groeden"]
[Site "?"]
[Date "2023.01.21"]
[Round "6.4"]
[White "Naegele, Raimund"]
[Black "Moroder, Thomas"]
[Result "0-1"]
[WhiteElo "1664"]
[BlackElo "1989"]
[PlyCount "62"]
[EventDate "2023.01.21"]

1. d4 Nf6 2. Nf3 g6 3. Nbd2 d5 4. c4 Bg7 5. g3 O-O 6. Bg2 c6 7. O-O Qb6 8. Re1
Bg4 9. Qb3 dxc4 10. Qxc4 Na6 11. e4 Be6 12. Qe2 Nb4 13. Nc4 Qa6 14. b3 Bxc4 15.
bxc4 c5 16. e5 Nd7 17. Be3 cxd4 18. Bxd4 Nc6 19. Bb2 e6 20. Red1 Rfd8 21. a3
Rac8 22. Rd2 Nb6 23. Bf1 Na4 24. Rad1 Rxd2 25. Qxd2 Bf8 26. Bd4 Rd8 27. c5 Qa5
28. Qf4 h6 29. Rb1 Nxd4 30. Nxd4 Nxc5 31. Rb5 Qa4 0-1

[Event "54smm A Naturns-Groeden"]
[Site "?"]
[Date "2023.01.21"]
[Round "6.4"]
[White "Nischler, Hermann"]
[Black "Casadio, Lorenzo"]
[Result "0-1"]
[WhiteElo "1344"]
[BlackElo "1828"]
[PlyCount "96"]
[EventDate "2023.01.21"]

1. e4 c5 2. Nf3 Nc6 3. d4 cxd4 4. Nxd4 Nf6 5. Nc3 e5 6. Nf3 Bb4 7. Bd2 Bxc3 8.
Bxc3 Nxe4 9. Bd3 Nxc3 10. bxc3 O-O 11. O-O d5 12. Bb5 Bg4 13. h3 Bxf3 14. Qxf3
e4 15. Qe3 Qf6 16. Rad1 Ne7 17. Qd4 Rfc8 18. Qxf6 gxf6 19. Ba4 Rxc3 20. Bb3 Rd8
21. Rd4 Kg7 22. Rfd1 f5 23. Bxd5 Nxd5 24. Rxd5 Rxd5 25. Rxd5 Rxc2 26. Rxf5 Rxa2
27. Re5 Ra4 28. g4 b6 29. Kg2 Rb4 30. Kg3 a5 31. h4 h6 32. g5 a4 33. gxh6+ Kxh6
34. Re8 b5 35. Ra8 Rb3+ 36. Kf4 a3 37. Kxe4 b4 38. Kd4 Rb2 39. f4 a2 40. Ke5
Kg7 41. h5 Re2+ 42. Kf5 b3 43. h6+ Kh7 44. Ra7 Rg2 45. Rxf7+ Kxh6 46. Rf6+ Kh7
47. Ra6 b2 48. Kf6 Rg6+ 0-1

[Event "54smm A Naturns-Groeden"]
[Site "?"]
[Date "2023.01.21"]
[Round "6.5"]
[White "Grossi, Christian"]
[Black "Wielander, Wolfgang"]
[Result "1-0"]
[WhiteElo "1885"]
[BlackElo "1529"]
[PlyCount "51"]
[EventDate "2023.01.21"]

1. d4 Nf6 2. Nf3 g6 3. c4 Bg7 4. Nc3 O-O 5. g3 d6 6. Bg2 c6 7. O-O Nbd7 8. Qc2
e5 9. Rd1 exd4 10. Nxd4 Qe7 11. b3 Re8 12. Ba3 Ng4 13. e4 Qf6 14. h3 Nh6 15.
Nde2 Nc5 16. b4 Nd7 17. b5 Nc5 18. f4 Qe7 19. bxc6 bxc6 20. e5 Bf5 21. Qd2 Red8
22. exd6 Qd7 23. Bxc5 Bxh3 24. Nd4 Qg4 25. Ne4 Bxd4+ 26. Qxd4 1-0

[Event "54smm A Richter/Lask-Klausen"]
[Site "?"]
[Date "2023.01.21"]
[Round "6.1"]
[White "Schacher, Gerd"]
[Black "De Eccher, Stefano"]
[Result "1-0"]
[WhiteElo "2298"]
[BlackElo "2173"]
[PlyCount "57"]
[EventDate "2023.01.21"]

1. Nf3 Nf6 2. c4 e6 3. g3 b6 4. Bg2 Bb7 5. O-O Be7 6. Re1 O-O 7. Nc3 d5 8. cxd5
exd5 9. d4 Re8 10. Bf4 c5 11. Qa4 Ne4 12. Rad1 Bf6 13. Nxe4 Rxe4 14. Ne5 Rxd4
15. Rxd4 cxd4 16. Rc1 g5 17. Nxf7 Kxf7 18. Rc7+ Kg8 19. Rxb7 gxf4 20. Bxd5+ Kh8
21. Be4 Bg7 22. Qb5 Nc6 23. Qxc6 fxg3 24. hxg3 Rc8 25. Qe6 Qf8 26. Rxa7 Re8 27.
Qg4 Qf6 28. Bd3 Qc6 29. Qxg7# 1-0

[Event "54smm A Richter/Lask-Klausen"]
[Site "?"]
[Date "2023.01.21"]
[Round "6.2"]
[White "Moncher, Stefano"]
[Black "Seebacher, Michael"]
[Result "0-1"]
[WhiteElo "2169"]
[BlackElo "2056"]
[PlyCount "58"]
[EventDate "2023.01.21"]

1. e4 e6 2. d4 d5 3. Nc3 Nf6 4. Bg5 Be7 5. e5 Nfd7 6. Bxe7 Qxe7 7. Qg4 O-O 8.
Nf3 c5 9. Bd3 f5 10. Qf4 Nc6 11. O-O cxd4 12. Nb5 g5 13. Qxg5+ Qxg5 14. Nxg5
Ndxe5 15. Nc7 Rb8 16. Ncxe6 h6 17. Nxf8 hxg5 18. f4 gxf4 19. Rxf4 Nxd3 20. cxd3
Kxf8 21. g4 Kg7 22. gxf5 Kf6 23. Raf1 Bd7 24. h4 Re8 25. Kh2 Re2+ 26. Kg3 Re3+
27. Kf2 Rxd3 28. Rg1 Bxf5 29. Rg5 Ne7 0-1

[Event "54smm A Richter/Lask-Klausen"]
[Site "?"]
[Date "2023.01.21"]
[Round "6.3"]
[White "Haller, Quentin"]
[Black "Bodrov, Timofey"]
[Result "1-0"]
[WhiteElo "1997"]
[BlackElo "2104"]
[PlyCount "101"]
[EventDate "2023.01.21"]

1. Nf3 Nf6 2. c4 g6 3. b3 Bg7 4. Bb2 O-O 5. e3 d6 6. Be2 e5 7. O-O Nbd7 8. d4
e4 9. Nfd2 Re8 10. Nc3 Nf8 11. Re1 h5 12. h3 c6 13. b4 Bf5 14. b5 Qd7 15. Bf1
N8h7 16. Rb1 h4 17. bxc6 bxc6 18. d5 c5 19. Qa4 Rab8 20. Qxd7 Nxd7 21. Ba1 a6
22. Rxb8 Nxb8 23. Na4 Nd7 24. Bxg7 Kxg7 25. Rb1 Rb8 26. Rxb8 Nxb8 27. Nc3 Ng5
28. Kh2 Nd7 29. g4 hxg3+ 30. Kxg3 Nf6 31. Bg2 Nh5+ 32. Kh2 Nf6 33. h4 Nf3+ 34.
Bxf3 exf3 35. e4 Bg4 36. Kg3 Bh5 37. e5 dxe5 38. Nde4 Nd7 39. Na4 Kf8 40. Nexc5
Nxc5 41. Nxc5 Ke7 42. Nb7 f5 43. c5 Kd7 44. c6+ Kc7 45. Nc5 Kd6 46. Ne6 f4+ 47.
Kh3 Ke7 48. c7 Kd7 49. d6 Kc8 50. Nc5 a5 51. Na4 1-0

[Event "54smm A Richter/Lask-Klausen"]
[Site "?"]
[Date "2023.01.21"]
[Round "6.4"]
[White "Bevilacqua, Maurizio"]
[Black "Seebacher, Reinhard"]
[Result "0-1"]
[WhiteElo "2084"]
[BlackElo "1908"]
[PlyCount "55"]
[EventDate "2023.01.21"]

1. Nf3 Nf6 2. d4 d5 3. e3 Bg4 4. c4 Bxf3 5. Qxf3 e6 6. Nc3 c6 7. Bd3 Bd6 8. O-O
Nbd7 9. Rd1 O-O 10. e4 dxe4 11. Nxe4 Nxe4 12. Qxe4 Nf6 13. Qh4 Be7 14. Be3 g6
15. Qh3 Qc7 16. Qf3 Rfd8 17. Rac1 Rd7 18. Bc2 Qd8 19. Bb3 a5 20. a3 Qb6 21. Rc3
a4 22. Bc2 Qxb2 23. Bc1 Qb6 24. Rcd3 Rad8 25. Be3 Qa6 26. Rc3 Qa5 27. Rdd3 e5
28. h3 0-1

[Event "54smm A Richter/Lask-Klausen"]
[Site "?"]
[Date "2023.01.21"]
[Round "6.5"]
[White "Schrott, Karl"]
[Black "Billio, Atto"]
[Result "1-0"]
[WhiteElo "1959"]
[BlackElo "2021"]
[PlyCount "65"]
[EventDate "2023.01.21"]

1. d4 f5 2. Nf3 Nf6 3. c4 g6 4. Nc3 Bg7 5. g3 O-O 6. Bg2 d6 7. O-O c6 8. Re1
Qc7 9. Qc2 Na6 10. a3 e5 11. dxe5 dxe5 12. b4 Nh5 13. e3 Be6 14. Ne2 Rae8 15.
Bb2 h6 16. Rac1 g5 17. Nd2 Qf7 18. f4 exf4 19. exf4 gxf4 20. Nxf4 Nxf4 21. gxf4
Nc7 22. Kh1 Bc8 23. Nf3 Bxb2 24. Qxb2 Rxe1+ 25. Rxe1 Qxc4 26. Ne5 Qe6 27. Bf3
Kh7 28. Nd3 Qd6 29. Rg1 Rg8 30. Rxg8 Kxg8 31. Ne5 Be6 32. Qg2+ Kh7 33. Qg6+ 1-0

[Event "54smm A Richter/Lask-Klausen"]
[Site "?"]
[Date "2023.01.21"]
[Round "6.6"]
[White "Buglisi, Massimo"]
[Black "Schrott, Johann"]
[Result "1-0"]
[WhiteElo "1909"]
[BlackElo "1813"]
[PlyCount "133"]
[EventDate "2023.01.21"]

1. e4 c5 2. d4 cxd4 3. c3 d3 4. Bxd3 Nc6 5. Nf3 d6 6. h3 Nf6 7. c4 g6 8. O-O
Bg7 9. Nc3 O-O 10. Be3 b6 11. Rc1 Bb7 12. Qe2 Rc8 13. Rfd1 Nd7 14. Bb1 Nce5 15.
Nxe5 Nxe5 16. b3 Bc6 17. f4 Nd7 18. b4 Qc7 19. Nd5 Bxd5 20. exd5 Nf6 21. c5
bxc5 22. bxc5 dxc5 23. Rxc5 Qd7 24. Ra5 Rc7 25. Qf2 Rfc8 26. f5 Ne8 27. fxg6
hxg6 28. h4 Qg4 29. Rf1 Bf6 30. Rxa7 Rxa7 31. Bxa7 Qxh4 32. Qxh4 Bxh4 33. Rd1
Nf6 34. Bd4 Nxd5 35. Kf1 Bf6 36. Bxf6 Nxf6 37. a4 Ra8 38. Rd4 Ne8 39. Be4 Ra7
40. Rd8 Rxa4 41. Rxe8+ Kg7 42. Rxe7 Kf6 43. Re8 Kg5 44. Bd5 Rd4 45. Bf3 Kf5 46.
Ke2 Rb4 47. Ke3 Rb3+ 48. Kf2 Rb4 49. Ra8 Kf4 50. Ra6 Rb2+ 51. Be2 Kg5 52. Ra5+
Kf6 53. Ke3 Rb3+ 54. Bd3 Rb2 55. Be4 Rb6 56. Rc5 Re6 57. Rc6 Rxc6 58. Bxc6 Ke5
59. Be8 Ke6 60. Kf4 Ke7 61. Bb5 f6 62. Bc4 Kf8 63. Ke4 Kg7 64. Kd5 Kh6 65. Ke6
Kg5 66. Bd5 f5 67. Ke5 1-0

[Event "54smm B Kaltern/Tramin2-Groeden"]
[Site "?"]
[Date "2023.01.21"]
[Round "6.1"]
[White "Alam, Syed Mahbubul"]
[Black "Unterkofler, Alex"]
[Result "0-1"]
[WhiteElo "1955"]
[BlackElo "1741"]
[PlyCount "54"]
[EventDate "2023.01.21"]

1. e4 c5 2. Bc4 Nc6 3. d3 Nf6 4. Nc3 d6 5. Nf3 g6 6. Bg5 Bg7 7. Qd2 h6 8. Bf4
e5 9. Be3 Ng4 10. h3 Nxe3 11. fxe3 Be6 12. Nd5 a6 13. a4 O-O 14. O-O Ne7 15.
Rab1 Nxd5 16. Bxd5 Bxd5 17. exd5 a5 18. c3 Qe8 19. b4 axb4 20. cxb4 Rxa4 21.
bxc5 dxc5 22. Rxb7 e4 23. dxe4 Qxe4 24. Nh2 Ra3 25. Ng4 Rd3 26. Qf2 Qxd5 27.
Re7 Rd2 0-1

[Event "54smm B Kaltern/Tramin2-Groeden"]
[Site "?"]
[Date "2023.01.21"]
[Round "6.2"]
[White "Leimgruber, Erich"]
[Black "Kasslatter, Matthias"]
[Result "0-1"]
[WhiteElo "1550"]
[BlackElo "1568"]
[PlyCount "42"]
[EventDate "2023.01.21"]

1. e4 e5 2. Nf3 Nc6 3. Bb5 a6 4. Ba4 b5 5. Bb3 Bc5 6. c3 Bb6 7. d4 exd4 8. cxd4
d6 9. O-O Bg4 10. Bd5 Nge7 11. Bxf7+ Kf8 12. Qb3 Bxf3 13. Qxf3 Nxd4 14. Qh5 g6
15. Bxg6 Nxg6 16. Bh6+ Kf7 17. Nc3 c6 18. Bg5 Qd7 19. Kh1 Bd8 20. Bh6 Qe7 21.
Bg5 Qxg5 0-1

[Event "54smm B Kaltern/Tramin2-Groeden"]
[Site "?"]
[Date "2023.01.21"]
[Round "6.3"]
[White "Knottner, Klaus"]
[Black "Sanin, Wilfried"]
[Result "1-0"]
[WhiteElo "1642"]
[BlackElo "1441"]
[PlyCount "87"]
[EventDate "2023.01.21"]

1. e4 e5 2. Nf3 Nc6 3. Bb5 Bd6 4. O-O Nge7 5. c3 O-O 6. d4 exd4 7. cxd4 Ng6 8.
Nc3 Bf4 9. h3 Bxc1 10. Rxc1 d6 11. Qd2 Qf6 12. Nd5 Qd8 13. Rfe1 Nge7 14. Nf4 a6
15. Ba4 Ng6 16. Nd5 Nge7 17. Nc3 Ng6 18. a3 Qf6 19. Qe3 Qf4 20. Qe2 Nh4 21.
Nxh4 Qxh4 22. Qe3 Qf6 23. Red1 Bd7 24. b4 Nb8 25. Bb3 c6 26. Na4 Qd8 27. Qf4
Be6 28. Bc2 Qe7 29. Nb6 Ra7 30. d5 Bd7 31. Nc4 cxd5 32. exd5 b5 33. Nxd6 a5 34.
Re1 Qd8 35. Ne4 h6 36. Nc5 axb4 37. axb4 Qg5 38. Qe4 g6 39. Qf3 Bc8 40. Ne4 Qd8
41. Qe3 Ra6 42. Qxh6 g5 43. Nf6+ Qxf6 44. Qh7# 1-0

[Event "54smm B Kaltern/Tramin2-Groeden"]
[Site "?"]
[Date "2023.01.21"]
[Round "6.4"]
[White "Nardelli, Jacopo"]
[Black "Grossrubatscher, Johann"]
[Result "0-1"]
[WhiteElo "1357"]
[BlackElo "1503"]
[PlyCount "78"]
[EventDate "2023.01.21"]

1. e4 d5 2. exd5 Qxd5 3. Nc3 Qa5 4. d4 c6 5. Bf4 Nf6 6. Nf3 Bg4 7. Bd3 e6 8.
O-O Nbd7 9. a3 Be7 10. b4 Qd8 11. Ne4 Nxe4 12. Bxe4 Nf6 13. Re1 Nxe4 14. Rxe4
Bf5 15. Re2 O-O 16. Qd2 a5 17. c3 axb4 18. cxb4 Qb6 19. Qb2 Bg4 20. Rd2 Bxf3
21. gxf3 Qb5 22. Re1 Qf5 23. Re4 g5 24. Bxg5 Bxg5 25. Rg4 h5 26. Rg3 Kh7 27.
Rd1 Bh4 28. Rg2 Qxf3 29. Qc2+ f5 30. Rd3 Qe4 31. Qd1 Kh6 32. Re3 Qd5 33. Qd2 f4
34. Re5 Qb3 35. Qe1 Rae8 36. Kh1 Bf6 37. d5 Bxe5 38. Qxe5 Qd1+ 39. Rg1 Qxd5+
0-1

[Event "54smm B Kaltern/Tramin2-Groeden"]
[Site "?"]
[Date "2023.01.21"]
[Round "6.5"]
[White "Piazza, Alex"]
[Black "Osanna, Franjo"]
[Result "1-0"]
[WhiteElo "1126"]
[BlackElo "1155"]
[PlyCount "39"]
[EventDate "2023.01.21"]

1. Nf3 Nc6 2. d4 d5 3. g3 Bg4 4. Nbd2 f6 5. Bg2 e5 6. dxe5 fxe5 7. h3 Bf5 8.
O-O Nf6 9. Re1 Qd7 10. e4 dxe4 11. Nh4 Bxh3 12. Bxh3 Qxh3 13. Nxe4 Nxe4 14.
Rxe4 Bc5 15. Qh5+ g6 16. Rxe5+ Nxe5 17. Qxe5+ Kf7 18. Qxc5 Rhe8 19. Qxc7+ Kg8
20. Bh6 1-0

[Event "54smm B Naturns2-Groeden3"]
[Site "?"]
[Date "2023.01.21"]
[Round "6.1"]
[White "Klassen, Tobias"]
[Black "Illmer, Markus"]
[Result "1-0"]
[WhiteElo "1308"]
[BlackElo "1606"]
[PlyCount "55"]
[EventDate "2023.01.21"]

1. e4 c6 2. d4 d5 3. f3 dxe4 4. fxe4 e5 5. Nf3 exd4 6. Bc4 Nf6 7. O-O Bg4 8.
Bxf7+ Kxf7 9. Ne5+ Ke8 10. Nxg4 Be7 11. e5 Nxg4 12. Qxg4 Qd5 13. Qc8+ Qd8 14.
Qxb7 Nd7 15. Qxc6 Rc8 16. Qb5 Rc5 17. Qb3 Nxe5 18. Bf4 Bf6 19. Nd2 Qd7 20. Ne4
Rb5 21. Qg3 Qe7 22. Nxf6+ gxf6 23. Rae1 Kd7 24. Qf2 Rd5 25. c3 Qd6 26. Bxe5
fxe5 27. Qf7+ Kc6 28. Rf6 1-0

[Event "54smm B Naturns2-Groeden3"]
[Site "?"]
[Date "2023.01.21"]
[Round "6.2"]
[White "Gurschler, Markus"]
[Black "Falvo, Igor"]
[Result "1-0"]
[WhiteElo "1555"]
[BlackElo "1038"]
[PlyCount "147"]
[EventDate "2023.01.21"]

1. d4 Nf6 2. Bf4 e6 3. e3 d5 4. Bd3 c5 5. c3 Nc6 6. Nf3 cxd4 7. exd4 Bd6 8. Bg5
h6 9. Bh4 O-O 10. O-O Re8 11. Re1 e5 12. dxe5 Nxe5 13. Nxe5 Bxe5 14. Nd2 Qd6
15. Bxf6 Qxf6 16. h3 Be6 17. Nf3 Bc7 18. Bc2 Rad8 19. Qd3 g6 20. Qe3 Bf5 21.
Qd4 Qxd4 22. Nxd4 Bxc2 23. Nxc2 Re6 24. Nd4 Re4 25. f3 Re5 26. Kf1 Rde8 27. Nb5
Rxe1+ 28. Rxe1 Rxe1+ 29. Kxe1 Bg3+ 30. Ke2 a6 31. Nd4 f5 32. Kd3 Kf7 33. Ne2
Bd6 34. Nd4 Kf6 35. Ne2 Ke5 36. g3 g5 37. b4 Kf6 38. Kd4 b5 39. Kxd5 Ke7 40. g4
fxg4 41. hxg4 Kd7 42. Nd4 Bf8 43. Ne6 Bd6 44. a3 Bg3 45. Nc5+ Kc7 46. Nxa6+ Kb6
47. Nc5 Be1 48. Ne4 Ka6 49. Ke6 Kb6 50. Kf5 Kc6 51. Kg6 Kd5 52. Kxh6 Bh4 53.
Nxg5 Kc4 54. Ne4 Kb3 55. g5 Kxa3 56. g6 Bf6 57. Nxf6 Kb3 58. Ne4 Kc4 59. g7 Kd3
60. g8=Q Ke3 61. Qg4 Kd3 62. Qd7+ Ke3 63. Qd2+ Kxf3 64. Nd6 Kg3 65. Qd4 Kf3 66.
Kg5 Ke2 67. Kf4 Ke1 68. Qe3+ Kd1 69. Qf2 Kc1 70. Ke3 Kb1 71. Kd3 Ka1 72. c4 Kb1
73. Kc3 Ka1 74. Qb2# 1-0

[Event "54smm B Richter/Lask2-Taufers"]
[Site "?"]
[Date "2023.01.21"]
[Round "6.1"]
[White "Glueck, Alexander"]
[Black "Pangrazzi, Marco"]
[Result "0-1"]
[WhiteElo "1951"]
[BlackElo "2153"]
[PlyCount "62"]
[EventDate "2023.01.21"]

1. d4 Nf6 2. Nf3 g6 3. Nc3 d5 4. Bg5 Bg7 5. h4 Bg4 6. Ne5 Be6 7. e3 Nbd7 8.
Nxd7 Qxd7 9. Bb5 c6 10. Be2 h5 11. f3 Bf5 12. Qd2 Nh7 13. Bf4 f6 14. e4 dxe4
15. fxe4 Bg4 16. O-O-O Rd8 17. Be3 O-O 18. d5 b6 19. Bxg4 Qxg4 20. Qe2 cxd5 21.
Qxg4 hxg4 22. Nxd5 Kf7 23. h5 gxh5 24. Rxh5 Ng5 25. Bxg5 fxg5 26. Ne3 Rxd1+ 27.
Kxd1 Kg6 28. Rh1 Rf4 29. Ke2 Rxe4 30. Rd1 Be5 31. Rd7 Bf4 0-1

[Event "54smm B Richter/Lask2-Taufers"]
[Site "?"]
[Date "2023.01.21"]
[Round "6.2"]
[White "Fongarolli, Diego"]
[Black "Holzer, Philipp"]
[Result "1/2-1/2"]
[WhiteElo "1904"]
[BlackElo "1898"]
[PlyCount "84"]
[EventDate "2023.01.21"]

1. e4 e5 2. Nf3 Nf6 3. Nxe5 d6 4. Nf3 Nxe4 5. Nc3 Nf6 6. d4 d5 7. Bd3 Be7 8.
Ne5 Nc6 9. Nxc6 bxc6 10. O-O O-O 11. Bf4 Bg4 12. f3 Bh5 13. Na4 Bg6 14. Bxg6
hxg6 15. Qd2 Nh5 16. Be3 Bd6 17. Bg5 f6 18. Be3 g5 19. Nc5 Bxc5 20. dxc5 g6 21.
Qd3 Kg7 22. Qd4 Kh7 23. Rad1 Qe7 24. Rfe1 Qf7 25. Qa4 Qd7 26. Rd3 Rfe8 27. Red1
Qe6 28. b3 Ng7 29. g4 Rh8 30. Re1 Rhe8 31. Bd2 Qd7 32. Rde3 Rxe3 33. Bxe3 Ne6
34. Bd4 f5 35. h3 Re8 36. Bf2 Nxc5 37. Qxa7 Rxe1+ 38. Bxe1 Ne6 39. Bg3 d4 40.
Be5 d3 41. Qb8 Ng7 42. cxd3 Qxd3 1/2-1/2

[Event "54smm B Richter/Lask2-Taufers"]
[Site "?"]
[Date "2023.01.21"]
[Round "6.3"]
[White "Niederkofler, Andreas"]
[Black "Kowalczyk, Martin"]
[Result "1/2-1/2"]
[WhiteElo "1812"]
[BlackElo "1782"]
[PlyCount "82"]
[EventDate "2023.01.21"]

1. e4 d6 2. Nc3 c5 3. Nf3 g6 4. d4 Qa5 5. Bd2 Bg7 6. Nd5 Qd8 7. dxc5 dxc5 8.
Bc3 Bxc3+ 9. Nxc3 Qa5 10. Qd2 Nc6 11. Bc4 h6 12. Qf4 e6 13. O-O a6 14. Ne5 Qc7
15. Nxg6 Qxf4 16. Nxf4 b5 17. Be2 Nf6 18. Nh5 Nxh5 19. Bxh5 Bb7 20. Ne2 Rd8 21.
Rfd1 Ke7 22. c3 Ne5 23. Ng3 Nd3 24. Rd2 Nf4 25. Rad1 Rxd2 26. Rxd2 Nxh5 27.
Nxh5 Bxe4 28. f3 Bd5 29. a3 Rb8 30. Nf4 Bc4 31. Kf2 Rb6 32. Ke3 Rd6 33. Nd3 Rd5
34. f4 f6 35. Nf2 f5 36. Rxd5 Bxd5 37. g4 Kf6 38. h4 fxg4 39. Nxg4+ Kg6 40.
Ne5+ Kh5 41. Nf7 Kg6 1/2-1/2

[Event "54smm B Richter/Lask2-Taufers"]
[Site "?"]
[Date "2023.01.21"]
[Round "6.4"]
[White "Mumelter, Erwin"]
[Black "Stivaletta, Andrea"]
[Result "1-0"]
[WhiteElo "1702"]
[BlackElo "1644"]
[PlyCount "53"]
[EventDate "2023.01.21"]

1. e4 e5 2. f4 d6 3. Nf3 Nc6 4. Bc4 h6 5. O-O exf4 6. d4 g5 7. h3 Bg7 8. c3
Nge7 9. Nh2 O-O 10. Qh5 d5 11. exd5 Nxd5 12. b3 Bf5 13. Qf3 Nce7 14. Bd2 c6 15.
Na3 Bg6 16. Bd3 Nf5 17. Bxf5 Bxf5 18. Rae1 Qa5 19. Nc4 Qxa2 20. Nd6 Qxd2 21.
Nxf5 Qxc3 22. Qh5 Bxd4+ 23. Kh1 Bg7 24. Ng4 Nf6 25. Ngxh6+ Kh7 26. Qxg5 Ng8 27.
Ng4 1-0